000 00421nam a22001457a 4500
003 macl
005 20180415160105.0
008 180415b xxu||||| |||| 00| 0 eng d
040 _cmacl
100 _aमृदुला गर्ग
_945541
245 _aहर हाल बेगाने
260 _aदिल्‍ली
_bराजपाल
_c2014
650 _aकहानियां
_972064
942 _2ddc
_cHIN
999 _c57749
_d57749